书目信息 |
| 题名: |
中西交通史料汇编
|
|
| 作者: | 张星 编注 | |
| 分册: | 第六册 | |
| 出版信息: | 北京 中华书局 1979 |
|
| 页数: | 485页 | |
| 开本: | 19cm | |
| 丛书名: | ||
| 单 册: | ||
| 中图分类: | D829 , F511.9 | |
| 科图分类: | ||
| 主题词: | 中外关系-国际关系史:交通运输史--史料 , 国际关系史:交通运输史-中外关系--史料 , 交通运输经济--概况--世界 , 交通运输史:国际关系史-中外关系--史料 | |
| 电子资源: | ||
| ISBN: | ||
| 000 | 00808nam0 2200277 45 | |
| 001 | 0179000699 | |
| 005 | 20060815171011.06 | |
| 010 | @dCNY1.20 | |
| 091 | @a11018.762 | |
| 100 | @a19950726d1979 emky0chiy0121 ea | |
| 101 | 0 | @achi |
| 102 | @aCN@b110000 | |
| 105 | @ay z 000yy | |
| 200 | 10 | @a中西交通史料汇编@Azhong xi jiao tong shi liao hui bian@h第六册@f张星编注 |
| 210 | @a北京@c中华书局@d1979 | |
| 215 | @a485页@d19cm | |
| 300 | @a内部发行 | |
| 606 | @a中外关系-国际关系史:交通运输史@x史料 | |
| 606 | @a国际关系史:交通运输史-中外关系@x史料 | |
| 606 | 0 | @a交通运输经济@x概况@x世界 |
| 606 | @a交通运输史:国际关系史-中外关系@x史料 | |
| 690 | @aD829@v3 | |
| 690 | @aF511.9@v3 | |
| 701 | 0 | @a张星@Azhang xing lang@4编注 |
| 801 | 0 | @aCN@bNLC@c20060815 |
| 905 | @f1@b23855@dF511.9@e2:6 | |
| 中西交通史料汇编.第六册/张星编注.-北京:中华书局,1979 |
| 485页;19cm |
| 内部发行 |
| ISBN :CNY1.20 |
| ● |
| 相关链接 |
|
|
|
|
正题名:中西交通史料汇编
索取号:F511.9/2:6
 
预约/预借
| 序号 | 登录号 | 条形码 | 馆藏地/架位号 | 状态 | 备注 |
| 1 | 0023855 | 001925411 | 密集书库/ [索取号:F511.9/2:6] | 在馆 | |
| 2 | 0460454 | 204604543 | 密集书库/ [索取号:F511.9/2:6] | 在馆 |